000 00365nam a2200157Ia 4500
003 0STCL
008 150530s9999 xx 000 0 und d
040 _aSTCL
_cSTCL
100 _aForster; Stallybrass; Editor
245 _aRoom with a view
260 _bPenguin books
_c1955
546 _aEnglish
942 _2ddc
_cBK
999 _c58489
_d58489
005 20220125171048.0